TCP/IP and linux protocol implementation: Systems code for the Linux Internet

Shranjeno v:
Bibliografske podrobnosti
Glavni avtor: John Crowcroft
Format: Knjiga
Jezik:Undetermined
Izdano: New York John Wiley and Sons 2002
Teme:
Oznake: Označite
Brez oznak, prvi označite!
Thư viện lưu trữ: Trung tâm Học liệu Trường Đại học Cần Thơ
LEADER 00565nam a2200169Ia 4500
001 CTU_56363
008 210402s9999 xx 000 0 und d
082 |a 004.62 
082 |b C953 
100 |a John Crowcroft 
245 0 |a TCP/IP and linux protocol implementation: Systems code for the Linux Internet 
245 0 |c John Crowcroft and Iain Philliips 
260 |a New York 
260 |b John Wiley and Sons 
260 |c 2002 
650 |a computer network protocols,tcp/ip ( computer network protocal ) 
980 |a Trung tâm Học liệu Trường Đại học Cần Thơ